| 000 | 00595nam a2200169 4500 | ||
|---|---|---|---|
| 001 | 135868 | ||
| 003 | ES-MaACL | ||
| 005 | 20250930063122.0 | ||
| 007 | t| | ||
| 008 | 070214s1928 sp r ||||1| spa d | ||
| 100 | 1 |
_aRuiz del Castillo y Catalán de Ocón, Carlos, _d1896-1984 _9100778 |
|
| 245 | 1 | 3 |
_aEl sentido de la cultura a través de la Edad Media, del Renacimiento y del socialismo contemporáneo / _cCarlos Ruiz del Castillo. |
| 260 |
_aSantiago : _bEl Eco Franciscano, _c1928. |
||
| 300 |
_a24 p. ; _c27 x 19 cm. |
||
| 852 |
_aES-MaACL _j1725-F-11 |
||
| 999 |
_c135868 _d135868 |
||